| 000 | 00434nam a22001697a 4500 | ||
|---|---|---|---|
| 999 |
_c11049 _d11049 |
||
| 003 | OSt | ||
| 008 | 220104b ||||| |||| 00| 0 eng d | ||
| 020 | _a9783030506353 | ||
| 082 | _a621.3 ANR | ||
| 100 | _aVARGAS,Angel Arcos | ||
| 245 | _aThe Role of the Electric Vehicle in the Energy Transition | ||
| 250 | _a1st Ed. | ||
| 260 |
_aLondon _bSpringer _c2021 |
||
| 300 | _a192 | ||
| 650 | _aME-Electrical Vehicle | ||
| 942 |
_2ddc _cBK |
||